000 00711nam a2200217 4500
001 133039
003 ES-MaACL
005 20230906194318.0
007 t|
008 070214s1930 xxu r ||||1| eng d
100 1 _aRuark, Arthur Edward.
_9100275
245 1 0 _aAtoms, molecules and quanta /
_cby Arthur Edward Ruark and Harold Clayton Urey.
250 _a1st ed., 12th imp.
260 _aNew York [etc.] :
_bMcGraw-Hill Book Company,
_c1930.
300 _aXVII, 790 p. :
_bil. ;
_c24 cm.
490 1 _aInternational series in Physics
700 1 _aUrey, Harold Clayton.
_9112131
830 0 _aInternational series in Physics
_9219697
852 _aES-MaACL
_jF-5167
_bR.26814
999 _c133039
_d133039